1001 tipů a triků pro Internet

Salvato in:
Dettagli Bibliografici
Autore principale: Vořech, Jan
Altri autori: Morkes, David
Natura: Libro
Lingua:ceco
Pubblicazione: Praha Computer Press 2000
Edizione:3. aktual. vyd.
Serie:Internet
Soggetti:
Tags: Aggiungi Tag
Nessun Tag, puoi essere il primo ad aggiungerne!!

MARC

LEADER 00000nam a2200000 4500
001 c119325
005 20221108091627.2
020 |a 80-7226-320-X 
041 0 |a cze 
044 |a CZ 
245 1 0 |a 1001 tipů a triků pro Internet  |c Jan Vořech, David Morkes 
250 |a 3. aktual. vyd. 
264 1 |a Praha  |b Computer Press  |c 2000 
300 |a 389 s. 
490 1 |a Internet 
830 0 |a Internet 
610 2 0 |a siete počítačové 
610 2 0 |a modemy 
610 2 0 |a pošta elektronická 
610 2 0 |a konferencie elektronické 
610 2 0 |a programovanie 
610 2 0 |a internet 
610 2 0 |a telnet 
610 2 0 |a realita virtuálna 
610 2 0 |a dáta 
610 2 0 |a banky dát 
100 1 |a Vořech, Jan 
700 1 |a Morkes, David